|
|
|
|
| LEADER |
00708nab a2200193 i 4500 |
| 001 |
tisza5860 |
| 005 |
20200330130953.0 |
| 008 |
170509s1969 hu o 0|| hun d |
| 022 |
|
|
|a 0133-1167
|
| 040 |
|
|
|a SZTE Tiszatáj Archívum
|b hun
|
| 041 |
|
|
|a hun
|
| 100 |
1 |
|
|a Szegfű László
|
| 245 |
1 |
2 |
|a A Tanácsköztársaság Békés megyében
|h [elektronikus dokumentum] /
|c Szegfű László
|
| 260 |
|
|
|c 1969
|
| 300 |
|
|
|a 554-555
|
| 490 |
0 |
|
|a Tiszatáj
|v 23 No. 6
|
| 695 |
|
|
|a Magyar Tanácsköztársaság - 1919 - könyvismertetés, Békés megye története - 1919 - könyvismertetés
|
| 700 |
0 |
1 |
|a Szabó Ferenc
|
| 856 |
4 |
0 |
|u http://tiszataj.bibl.u-szeged.hu/5860/1/tiszataj_1969_006_0554-0555.pdf
|z Dokumentum-elérés
|